[Event "WCPL:Cardigan-White Knights;Tanygroes"]
[Site "?"]
[Date "2016.01.03"]
[Round "3.11"]
[White "Bevan, Peter M"]
[Black "Haigh, Tony"]
[Result "1-0"]
[WhiteElo "2011"]
[BlackElo "1813"]
[Annotator "Kemenade"]
[PlyCount "89"]
[EventDate "2016.01.03"]
[EventRounds "7"]
[EventCountry "WLS"]

1. c4 Nf6 2. g3 e6 3. Nf3 d5 4. Bg2 Be7 5. b3 (5. O-O {main}) 5... O-O 6. O-O
c5 7. e3 (7. Bb2 {main}) 7... Nc6 8. Re1 {a rare choice} (8. Bb2 {overwhelming
preference, though}) (8. Qe2 {also has many adherants}) 8... Rb8 (8... Ne4 9.
Bb2 dxc4 10. bxc4 Nd6 11. d3 Bf6 12. Nc3 Qa5 13. Qc1 Rd8 14. Rd1 $11 {
Heinrichs-Sena Moura, BRA ch women, Sao Jose do Rio Preto 2012,1-0}) (8... e5
9. d3 (9. Bb2 d4 10. exd4 exd4 11. d3 Bd6 $11 {Fritz15}) 9... e4 10. Nfd2 exd3
11. Bb2 Bg4 $17 {Schaffert-Favai, Wld ch ICCF 2011,0-1}) (8... Bd7 9. d3 Qc7
10. Nc3 a6 11. Bb2 Rab8 12. Rc1 b5 $11 {Bevan-Juergens,EU Seniors tmVienna
2015,1/2-1/2}) 9. Bb2 dxc4 10. bxc4 Nb4 {too ambitious- the N is easily driven
back, & there will be holes left as Bl tries to shake off the Q side pressure}
(10... Qc7 11. Nc3 a6 12. Qe2 Rd8 13. Red1 e5 $11 {Fritz15}) 11. d4 cxd4 12.
exd4 b6 (12... b5 $1 {looks logical, seeing the placement of the Bl R, aiming
for a wh square barricade} 13. c5 Nc6 14. a4 b4 15. Qe2 Bb7 16. Nbd2 Na5 $11 {
Fritz15}) 13. Ne5 Nd7 14. d5 Nxe5 {inviting Wh in} (14... Bf6 15. a3 Nxe5 16.
Bxe5 Bxe5 17. Rxe5 Nc6 18. Re1 Na5 19. Qd3 Bb7 $11 {Fritz15}) 15. Bxe5 Bd6 16.
Bxd6 Qxd6 17. a3 (17. dxe6 Qxd1 18. Rxd1 (18. exf7+ Kxf7 19. Rxd1 Nc2 $17)
18... Bxe6 $15 (18... Nc2 19. e7 Re8 20. Bc6 Bg4 21. Rd2 Rxe7 22. Rxc2 Re1+ 23.
Kg2 Bf5 24. Rb2 Rc8 25. Bd5 $18) 19. a3 Rfd8 20. Nc3 Nc2 $17 {Fritz15}) 17...
Na6 18. dxe6 Qxd1 19. exf7+ Rxf7 (19... Kxf7 20. Rxd1 Be6 21. Nc3 Nc5 22. Bd5
Bxd5 23. Rxd5 $16 {Fritz15}) 20. Rxd1 Be6 21. Bd5 (21. Rd4) 21... Nc7 (21...
Bxd5 22. cxd5 Rc8 23. Ra2 Rd7 24. Rad2 Rc5 25. d6 Rc4 26. Rd4 Rxd4 27. Rxd4 Nc5
28. Nc3 Kf7 29. Nb5 $16 {Fritz15, its not going to be easy getting rid of the
d6 pawn}) 22. Nc3 Nxd5 23. cxd5 Bg4 24. Re1 (24. Rd4 h5 25. Re1 $16 {Fritz15})
24... Rc8 25. Rac1 Rfc7 26. Na2 Rxc1 (26... Bf3 $1 {its often better to let
the other side exchange,as in defence the backup pieces come into play.} 27. d6
Rxc1 28. Rxc1 Rd8 29. Rc3 Be4 (29... Be2 30. Re3 Bc4 31. Nc3 Rxd6 $11) 30. f3
Bb7 31. Rd3 Kf7 32. Nc3 Bc6 33. Rd4 Ke6 $11 {Fritz15}) 27. Rxc1 Rxc1+ 28. Nxc1
Bf3 (28... Kf7 $11 {must be better, bringing the K nearer, the B is fine where
it is}) 29. d6 Kf7 30. Nb3 a5 (30... Ke6 $2 31. Nd4+ $18) (30... Ke8 31. Nd4
Bd5 32. Nb5 Kd7 33. Nxa7 Kxd6 34. Nb5+ Kc5 35. Nc7 Bf7 36. f4 Kc6 37. Na6 Kb5
38. Nc7+ Kc6 {draws by attacking the N; Fritz15}) (30... Bd5 31. Nd4 Ke8 {
transposes.} 32. f4 Kd7 33. Kf2 g6 $11 {Wh has to be a little careful in these
lines- should the d pawn fall, then Bl has a 2 -1 majority on the furthest
side from the Wh K, & also a B that can control both sides of the board vs a
shortlegged N}) 31. Nd4 Bg4 (31... Bd5 32. Kf1 Ke8 {seems to be the right way;
Fritz15}) 32. f3 Bd7 $2 {occupies the square the K needs to be on} (32... Bc8
33. Kf2 Ke8 34. Nb5 Kd7 35. Ke3 Ba6 36. Nc3 Kxd6 37. f4 $11 {Fritz15, but Bl
has some real chances too, especially in creating an outside passed pawnto tie
up either N or K.}) 33. Kf2 $16 Be6 (33... b5 34. Ke3 Kf6 35. f4 b4 36. axb4
axb4 37. Kd3 $18 {because Bl can't protect his own pawn, nor get at that Wh d
pawn}) 34. Ke3 Bd5 {where the B should have been on move 30, Bl has lost
several tempi moving it back & forth} 35. Kf4 $18 Kf6 36. h4 g6 37. g4 h6 {
making g6 into a weakness as well, Bl's best is usually to try & sit still,
just moving the B up & down- however it looks like it will run out of squares
very quickly} (37... Ba2 38. Ke4 Bc4 (38... Be6 39. Nxe6 Kxe6 40. a4 Kxd6 41.
Kd4 $18) (38... Bg8 39. g5+ Kf7 40. Kd5 $18) 39. d7 Ke7 40. Nc6+ $18) 38. g5+
hxg5+ 39. hxg5+ Kf7 40. Ke5 Bb7 41. f4 Bg2 (41... Bc8 42. f5 {anyway} gxf5 43.
Nxf5 Bd7 44. Ne7 b5 45. Nd5 Bh3 46. Nf4 Bc8 (46... Bd7 47. g6+ Kg7 48. Ne6+ $18
) 47. Kd4 Bg4 48. Kc5 Bd7 49. Nd3 Kg7 (49... Ke6 50. g6) 50. Ne5 Be8 51. Kd5 $1
(51. d7 Bxd7 52. Nxd7 b4 53. axb4 axb4 54. Kxb4 Kg6) 51... Kf8 52. d7 Bxd7 53.
Nxd7+ Kf7 54. Ne5+ Kf8 55. Kc5 {Fritz15}) 42. Ne6 (42. f5 Bh3 43. fxg6+ Kxg6
44. Ne6 $18 {Fritz15}) 42... Ke8 43. f5 gxf5 44. g6 $1 Bc6 45. Kf6 (45. g7 Kf7
46. Nd8+ {Fritz15}) 1-0

[Event "WCPL:EG Nomads-Abergavenny"]
[Site "Aberkenfig Social Club"]
[Date "2016.01.03"]
[Round "3.13"]
[White "Robinson, David"]
[Black "Zeidler, Sven P"]
[Result "0-1"]
[WhiteElo "1907"]
[BlackElo "2166"]
[PlyCount "60"]
[EventDate "2015.??.??"]

1. d4 f5 2. Nf3 Nf6 3. Bf4 d6 4. e3 e6 5. c4 Be7 6. Nc3 O-O 7. Be2 Nh5 8. h4
Nxf4 9. exf4 Nd7 10. Qd2 Nf6 11. O-O-O a6 12. Kb1 Rb8 13. d5 b5 14. dxe6 b4 15.
Nd5 Bxe6 16. Nxf6+ Bxf6 17. Ng5 Qd7 18. Nxe6 Qxe6 19. Qd5 Qxd5 20. Rxd5 Rfe8
21. Bf3 b3 22. a3 g6 23. g3 Rb6 24. Rhd1 c5 25. h5 Bd4 26. hxg6 hxg6 27. g4
fxg4 28. Bxg4 Re4 29. f3 $4 (29. Rg5 $11) 29... Re2 30. R5xd4 cxd4 0-1

[Event "WCPL:The Vale-Cardigan"]
[Site "?"]
[Date "2016.01.24"]
[Round "4.7"]
[White "Williams, A. Howard"]
[Black "Davis, Lee"]
[Result "1-0"]
[WhiteElo "2320"]
[BlackElo "2002"]
[Annotator "Kemenade"]
[PlyCount "111"]
[EventDate "2016.01.24"]
[EventCountry "WLS"]

1. d4 Nf6 2. c4 g6 3. Nc3 Bg7 4. Nf3 d6 5. e4 O-O 6. Be2 e5 7. O-O exd4 (7...
Nc6 {main, Lee 3 wins, 2 draws}) 8. Nxd4 Nc6 (8... Re8 {main}) 9. Nc2 (9. Be3
Re8 10. f3 Bd7 11. Qd2 a6 12. Rab1 Nxd4 13. Bxd4 Bc6 14. Rfd1 $11 {
Steele-Davis, S.Wales Autumn 2012,1/2-1/2}) 9... Re8 10. f3 Be6 (10... Nh5 11.
g4 Be5 (11... Nf6 $11) 12. gxh5 Bxh2+ 13. Kxh2 Qh4+ 14. Kg1 Qg3+ {perpetual in
21 games}) 11. Bg5 (11. Be3 {alternative}) 11... h6 12. Be3 (12. Bh4 g5 13. Bf2
{scores better for Wh}) 12... Qd7 (12... Ne5 13. b3 g5 14. Qd2 Ng6 15. Rfd1 Nd7
16. Nd4 Nde5 17. Rac1 {Daloz-Van Elst, Syre mem Issy les Moulineaux 1997,1/2-1/
2}) (12... Nd7 13. Qd2 Kh7 14. Rac1 f5 15. exf5 Bxf5 16. Bd3 Bxd3 17. Qxd3 Nde5
18. Qd5 Qd7 $11 {Harasta-Salai, Tatry op Tatranske Zruby 2000,0-1}) 13. Qd2 Kh7
14. Rad1 a6 15. b3 $14 (15. Nd5 Qd8 16. Nf4 Bd7 17. b3 Rb8 $14 {Fritz15}) 15...
Rad8 16. Nd5 Bxd5 (16... Ng8 17. b4 f5 18. exf5 (18. a3 fxe4 19. fxe4 Rf8 20.
h3 Nge7 21. Nf4 Bg8 22. Bg4 Qe8 23. Nd5 Rxf1+ 24. Rxf1 Nxd5 25. exd5 Ne5 26.
Be2 c6 $11) 18... Bxf5 19. Bf2 $14 {Fritz15}) 17. cxd5 $16 Ne7 (17... Ne5) 18.
Bd4 (18. Nd4 c5 (18... Nfxd5 19. exd5 Nxd5 20. Bf2 c5 21. Bc4 Nb6 22. Nc2 Nxc4
23. bxc4 Qa4 24. Ne3 $16 {Fritz15}) 19. dxc6 Nxc6 20. Nxc6 Qxc6 21. Rc1 Qd7 22.
Bd4 $16 {Fritz15}) 18... Neg8 19. Ne3 (19. Rfe1 Nh5 20. Be3 Ne7 21. Nd4 Nf6 22.
Bf2 $16 {Fritz15}) 19... Nh5 20. Bxg7 Nxg7 21. Rc1 Re7 (21... f5 22. Bd3 (22.
exf5 Nxf5 23. Nxf5 gxf5 24. g4 $16) 22... Ne7 23. Rfe1 Rc8 24. b4 fxe4 25. Bxe4
Nef5 26. Nc4 $16 (26. Ng4 $16 {Fritz15})) 22. Rc3 Qe8 23. Rfc1 Rdd7 24. Kf2 Qf8
25. Bd3 (25. g4) 25... Ne8 26. Bf1 Qg7 27. g3 Ngf6 28. Rc4 h5 29. Bh3 Rd8 30.
Kg2 (30. Nc2 Rb8 31. Nd4 Nd7 32. Bxd7 Rxd7 33. Kg2 Kg8 $16 {Fritz15.Bl has
been under pressure, but there is no easy way in for Wh}) 30... Qh6 31. Nf1 $2
{the Q is the best attacker, but also the best defender; hence a swap can
allow more entry points for an attacker. Here , however, it loses a pawn} (31.
Qd4 h4 32. b4 Kg8 33. a4 Ra8 34. R4c2 Qg7 35. a5 Qh6 36. Nd1 Nh7 37. f4 hxg3
38. hxg3 Nhf6 39. Nf2 g5 40. Qd2 gxf4 41. Qxf4 Qxf4 42. gxf4 b6 43. Kf3 bxa5
44. bxa5 Rb8 45. Bf1 Nd7 46. Bxa6 Ra8 47. Bb5 Rxa5 48. Bxd7 Rxd7 49. Ng4 $16 {
Fritz15, still no clear end in sight}) 31... Qxd2+ 32. Nxd2 Nxd5 $15 33. Rd4
Nb6 34. Kf2 Nd7 {but now its difficult for Bl to make progress} (34... d5 35.
Nc4 (35. f4 f6 36. a4 c6 37. a5 Na8 38. exd5 Nac7 39. Bg2 Nxd5 40. Nc4 f5 41.
Nb6 Nef6 42. Nxd5 cxd5 (42... Nxd5 43. Rc5 Red7 44. Bxd5 Kh6 45. h4 Kg7 46. Ke3
Kf6 47. Rb4 $11) 43. b4 Rdd7 44. Bf3 Kg7 $17 {Fritz15}) 35... c5 36. Rdd1 Nxc4
37. Rxc4 dxc4 38. Rxd8 cxb3 39. axb3 Nc7 40. Rd6 $11 {Fritz15}) 35. f4 (35.
Bxd7 Rdxd7 36. Nc4 Ng7 37. Rcd1 f6 38. Ne3 Ne6 39. R4d2 $15 {it will be
difficult to move Bl's Q side pawns forward}) 35... Ndf6 36. Kf3 Rb8 (36... c6)
37. Re1 b5 38. Rc1 c5 39. Rd3 Rb6 40. Re3 Nc7 (40... Rc6) 41. Rd3 (41. e5 Ncd5
42. Ree1 dxe5 43. fxe5 Ne8 44. Rxc5 Nb4 45. Re3 Nxa2 46. Re4 Rc7 47. Rxc7 Nxc7
48. Rd4 Ne6 49. Bxe6 Rxe6 50. Ke4 Kg7 $15 {Fritz15}) 41... Ne6 42. Bxe6 Rxe6
43. h3 Kg7 (43... Kh6 44. g4 g5 {breaking up Wh's pawn mass} 45. Rh1 gxf4 46.
Kxf4 Kg6 47. Rd1 hxg4 48. hxg4 Rb8 49. g5 Nh5+ 50. Kg4 Rh8 51. Re1 f6 $15) 44.
g4 hxg4+ 45. hxg4 Re8 46. g5 Ng8 (46... Nh7 47. Rd5 f6 48. gxf6+ Nxf6 49. Rg5
Rg8 50. Rcg1 Kf7 51. Ke3 Rb7 52. Rh1 Re7 53. Rh6 Re6 54. Kf3 Rg7 55. Rg1 $15 {
and repetition looks likely; Fritz15}) 47. Nf1 $11 f6 48. Ne3 fxg5 49. fxg5 Ne7
50. Rcd1 Nc6 {a misjudgement} (50... Rf8+ 51. Kg3 Rd8 52. Ng4 $11 (52. e5 d5
53. Nxd5 c4 54. Nxb6 Rxd3+ 55. Rxd3 cxd3 56. Kf3 Kf7 57. Ke3 Ke6 58. Kxd3 Kxe5
59. Nd7+ Kf5 60. Nc5 a5 61. Nb7 Nc6 62. a4 bxa4 63. bxa4 Kxg5 64. Ke4 $11 {
Fritz15})) (50... Nc8 51. Rh1 Rc6 52. Nd5 Nb6 53. Nf6 Rh8 54. Rxh8 Kxh8 55. Ke2
Kg7 56. Rh3 Kf7 57. Rh7+ Ke6 58. Rg7 c4 59. Ng4 $16 {Fritz15}) 51. Rxd6 $16
Nd4+ $2 (51... Ne5+ 52. Kf4 Rxd6 53. Rxd6 c4 54. bxc4 bxc4 55. Nd5 Nd3+ 56. Ke3
Nc5 57. Nc3 a5 58. a4 $16) 52. R1xd4 $18 cxd4 53. Rxb6 dxe3 54. Kxe3 Re5 (54...
Ra8 {passive Rs are bad} 55. e5 (55. Kd4 {easy wins})) 55. Kf4 Rc5 56. Rxa6 1-0

[Event "WCPL:The Vale-Cardigan"]
[Site "?"]
[Date "2016.01.24"]
[Round "4.8"]
[White "Ralphs, Nigel"]
[Black "Jones, Iolo C"]
[Result "1/2-1/2"]
[WhiteElo "1976"]
[BlackElo "2168"]
[Annotator "Kemenade"]
[PlyCount "112"]
[EventDate "2016.01.24"]
[EventCountry "WLS"]

1. e4 e5 2. Bc4 Nf6 3. d3 c6 4. Nf3 d5 (4... Be7 {gave Iolo 2 draws & a win in
Dyfed games}) 5. Bb3 Bb4+ (5... Bd6 {main}) 6. c3 (6. Bd2 {alternative}) 6...
Bd6 7. Nbd2 (7. Bg5 dxe4 8. dxe4 h6 9. Bh4 Qe7 10. Nbd2 Nbd7 11. Bg3 Bc7 12.
O-O Nh5 13. h3 Nxg3 14. fxg3 Nc5 15. Bxf7+ Kxf7 16. Nxe5+ Kg8 17. Ng6 Qg5 18.
Rf8+ Kh7 19. Nxh8 Bg4 20. Qf1 Nd3 21. Qxd3 Rxf8 22. hxg4 Qxg4 23. Nf3 Qxg3 24.
e5+ Kxh8 25. e6 Bb6+ 26. Kh1 Qg4 {Carlsen-Caruana, Sinquefield cup Saint Louis
2014,0-1}) 7... O-O 8. O-O Nbd7 9. Re1 Qc7 (9... Re8) (9... Nc5 {alternatives})
10. Nf1 (10. d4 exd4 11. cxd4 Nxe4 12. Nxe4 dxe4 13. Rxe4 Nf6 14. Re1 Bf5 15.
Ne5 Rae8 16. Bf4 Re7 17. Rc1 $11 {Kulagin-Dubko, Champions League email 2012,1/
2-12}) 10... dxe4 (10... Re8 11. Ng3 Bf8 12. Be3 b6 13. d4 $11 {
Artemiev-Sychev,Moscow op 2015,1-0}) 11. dxe4 Nc5 12. Bc2 Rd8 (12... Bg4 13. h3
Bh5 14. Ng3 Bg6 15. Bg5 Be7 16. Nf5 $11 {Johansen-Granberg, DEN ch corr 1979,
0-1}) 13. Qe2 (13. Ng3 Ne6 14. h3 a5 15. Bg5 (15. Nf5 Bc5 16. Qe2 b6 17. Bd3
$11) 15... Nxg5 16. Nxg5 h6 17. Nf3 g6 $15 {Duncker-Feicht, Giessen op 1996,0-1
}) 13... Be7 (13... a5 14. h3 b6 15. Nh4 g6 16. Bh6 Bf8 17. Bxf8 Rxf8 $11 {
Hartston-Unzicker, Nice ol 1974,1/2-1/2}) 14. Ng3 (14. Ne3 h6 (14... Ncxe4 15.
Nc4 Nd6 16. Ncxe5 h6 17. Ng6 fxg6 18. Qxe7 Qxe7 19. Rxe7 $14) 15. Nc4 Nfd7 16.
Rd1 $11 {Fritz15}) 14... g6 15. Bh6 (15. h3 b6 16. b3 a5 17. Bb2 Ba6 18. c4
Nfd7 19. Nf1 (19. Red1 Ne6 20. Qe3 f6 21. Ne2 a4 $15) 19... Ne6 20. Ne3 f6 21.
g3 Ndc5 22. Red1 Rxd1+ 23. Rxd1 Rd8 24. Rd2 Rxd2 25. Qxd2 Qd8 26. Qxd8+ Bxd8
27. a3 $15 {Fritz15}) 15... b6 16. h3 Ba6 17. c4 Ne6 18. Red1 c5 $15 19. b3 Bb7
(19... Nd4 20. Nxd4 cxd4 21. Nf1 Nd7 22. Nh2 Nc5 23. Ng4 Bb7 24. f3 a5 {Fritz15
}) 20. Rxd8+ Rxd8 21. Rd1 Rxd1+ (21... Nd4 22. Nxd4 cxd4 $15 {Fritz15}) 22.
Qxd1 Qd6 23. Qxd6 Bxd6 $15 24. Nd2 Nd4 25. Bd3 Nd7 26. f3 (26. Nb1 f6 27. Nc3
Kf7 28. Nd5 $11 {Fritz15}) 26... f6 27. Be3 Kf7 28. Ne2 (28. Nb1 $11) 28... Nb8
29. Nc3 Nbc6 30. Nd5 Ke6 (30... Nb4 31. Nxb4 (31. Bb1 Nbc2 32. Kf2 Nxe3 33.
Kxe3 Bf8 34. Nf1 Ke6 $15) 31... cxb4 32. Nf1 Ne6 33. g3 h5 34. Kg2 $11 {Fritz15
}) 31. g4 g5 (31... Kf7 32. Kf2 Ne6 33. h4 Nf4 34. Bb1 Nd4 35. Nf1 h5 $15 {
Fritz15}) 32. Kf2 $11 Kf7 33. Nb1 (33. Nf1) 33... Nd8 (33... Nb4 34. Nxb4 cxb4
35. Bxd4 exd4 36. Nd2 Be5 37. Nf1 Bf4 38. Ng3 Bxg3+ 39. Kxg3 Ke6 40. Kf2 Ke5
41. Ke2 (41. Kg3 Bc6 42. Bc2 Be8 43. Bd3 h5 44. Kf2 Kf4 45. Bf1 Bg6 46. Be2 h4
47. Bd3 $17 {Fritz15, but there is no way in}) 41... Kf4 42. Kf2 {transposes})
34. Nbc3 Bc6 35. Ne2 Nxe2 36. Kxe2 Ne6 37. Kf2 Nf4 38. Bf1 Be8 39. Bd2 Bd7 40.
Bc3 Ne6 $11 41. Bd3 Be7 42. Ke3 Bd8 43. Kf2 a6 44. Ke3 Nf4 45. Nxf4 (45. Bf1 h5
46. Kf2 $11) 45... exf4+ 46. Kd2 $11 Bc7 47. a4 (47. e5 Bxe5 48. Bxe5 fxe5 49.
Bxh7 Bc6 50. Ke2 b5 51. Bd3 Ke6 52. Bf5+ Kf6 53. Be4 Bxe4 54. fxe4 bxc4 55.
bxc4 a5 56. a4 $11 {Fritz15}) 47... h6 $15 48. Kc2 Ke6 49. Be2 Be5 50. Kd2 (50.
Be1 a5 (50... Bd6 51. a5 $11) 51. Bf2 Ba1 52. Kd3 Ke5 53. h4 Be8 54. h5 $15 {
Fritz15; barricade, though}) 50... Be8 (50... Bxc3+ 51. Kxc3 Ke5 $17 {Fritz15,
still no way in}) 51. Bxe5 Kxe5 52. Kc3 h5 53. Bd3 hxg4 54. hxg4 Bd7 55. Be2
Bc6 (55... Bxg4 56. fxg4 Kxe4 57. Kd2 (57. a5 bxa5 58. Kd2 f3 (58... Ke5 59.
Bd3 Kd4 60. Bc2 a4 61. bxa4 a5 62. Bd3 Ke5 63. Kc3 f3 64. Kd2 Kf4 65. Bf5 Kg3
66. Be4 Kxg4 67. Ke3 f2 68. Kxf2 Kf4 69. Bf3 f5 70. Bd5 Kg4 {slight advantage
for Wh, but cant make any progress}) 59. Bd3+ Kf4 60. Bf5 Kg3 61. Ke1 Kg2 62.
Be4 Kg3 63. Bb7 Kxg4 64. Kf2 f5 65. Bxf3+ Kh4 66. Bb7 g4 67. Bxa6 f4 68. Bc8
Kg5 69. Ke2 {Fritz15} Kh4 $11) 57... f3 58. Bd3+ Kf4 59. Bf5 Kg3 60. Ke1 Kg2
61. Be4 Kg3 62. Kf1 Kxg4 63. Kf2 Kf4 64. Bxf3 a5 $11 {Fritz15; Komodo9 rates
this position as a definite plus for Wh- however after Bl plays f5 the Bl K
can just go round in circles around its pawns as there is no path through for
the Wh K.(as seen in following the analysis a long way down). Houdini4 &
Hiarchs14 also give slight Wh plus without any progress.}) 56. Kd3 Bd7 $11 {
(draw?)} 1/2-1/2

[Event "WCPL:The Vale-Cardigan"]
[Site "?"]
[Date "2016.01.24"]
[Round "4.9"]
[White "Heap, Gerry"]
[Black "Thomas, Ben"]
[Result "0-1"]
[WhiteElo "2084"]
[BlackElo "1956"]
[Annotator "Kemenade"]
[PlyCount "66"]
[EventDate "2016.01.24"]
[EventCountry "WLS"]

1. c4 c5 2. Nc3 Nf6 3. g3 Nc6 (3... d5) (3... g6) (3... e6) 4. Bg2 e6 5. d3 h6
(5... Be7) (5... d5) 6. h4 $146 (6. Nf3) (6. e4) (6. e3) 6... a6 7. Nh3 d5 8.
cxd5 exd5 9. Nf4 Be6 (9... d4 10. Ne4 Bd6 $11 {Fritz15}) 10. e4 (10. Nxe6 fxe6
11. O-O Bd6 12. e4 d4 13. Ne2 e5 14. Bh3 O-O $11 {Fritz15}) 10... d4 11. Ncd5 (
11. Nxe6 fxe6 12. Ne2) 11... Bd6 12. Nxe6 fxe6 13. Nf4 Bxf4 14. Bxf4 e5 (14...
Qe7 15. O-O (15. e5 Nd5) 15... O-O-O $11 {Fritz15}) 15. Bd2 $14 Qe7 16. Qb3 (
16. a3) (16. Rc1) 16... O-O-O (16... Qf7 17. Qxf7+ Kxf7 18. f4 Ke6 19. Bh3+ Kd6
20. Ke2 $14 {Fritz15}) 17. Rc1 Kb8 18. Qc4 (18. Bh3 Nd7 19. Qe6 Qxe6 20. Bxe6
b6 $14 {Fritz15; some variations like this considered in pm analysis}) 18...
Nd7 19. f4 (19. Bh3 Qf6 20. f4 (20. Bxd7 Rxd7 (20... Qf3 21. Bxc6 Qxh1+ 22. Ke2
Qh3 23. Qxc5 $18) 21. f4 Ka8 22. Qxc5 Qe6 23. f5 Qxa2 24. b4 $14) 20... exf4
21. Bxd7 Rxd7 22. Bxf4+ Ka8 23. Qxc5 g5 24. hxg5 hxg5 25. Rxh8+ Qxh8 26. Qxg5
Rh7 27. Rxc6 bxc6 28. Qa5 $11 {Fritz15}) 19... Ka7 (19... exf4 20. gxf4 (20.
Bxf4+ Ka7 21. Ke2 b6 $17) 20... g5 $15 {the Wh K is far more in danger than
the Bl one}) 20. Bh3 (20. f5 b6 21. a3 Rc8 22. O-O Rhe8 23. b4 $14 {Fritz15;
the Wh K is safe, so Wh can try & prize open the Bl K}) 20... b6 (20... exf4
21. gxf4 (21. Bxf4 Nde5 $17) 21... Qxh4+ 22. Ke2 Qh5+ 23. Kf2 Nde5 24. fxe5
Rhf8+ 25. Kg1 Qg6+ 26. Bg2 b6 27. Rh3 Nxe5 $19 {Fritz15}) 21. b4 {too ambitious
} (21. Qe6 Qxe6 22. Bxe6 $14 {Fritz15; considered at length in pm analysis- Wh
may well be able to get his 2 Bs working}) (21. f5 Kb7 22. a3 Rc8 23. O-O $14 {
as above}) 21... exf4 22. bxc5 (22. gxf4 Qxh4+ 23. Kd1 g5 (23... Qf2 24. b5
axb5 25. Qxb5 Ndb8 (25... Kb7 26. Rf1 Qh4 27. Bxd7 Rxd7 28. Rb1 Qg4+ 29. Kc1
Rc8 30. Qxb6+ Ka8 31. Qa6+ Ra7 32. Qc4 Nb4 $11 {Fritz15})) 24. Qe6 Qh5+ 25. Kc2
Nxb4+ 26. Bxb4 Qe2+ 27. Kb1 $16 {Fritz15}) 22... bxc5 (22... Nxc5 23. gxf4
Qxh4+ $15 (23... g5 $17 {Fritz15})) (22... b5 23. Qe6 Qxe6 24. Bxe6 Nde5 $17 {
Fritz15}) 23. Bxd7 (23. gxf4 Nde5 $1 24. fxe5 Nxe5 25. Qe6 (25. Qb3 c4 26. dxc4
Qxh4+ 27. Kd1 Rb8 $11) 25... Qxh4+ 26. Kd1 Rhe8 27. Qb3 Rb8 28. Qd5 Nxd3 29.
Rxc5 Qe7 30. Rc6 Nf2+ 31. Ke2 Qxe4+ (31... Nxh1 32. Qxd4+ $18) 32. Qxe4 Nxe4
33. Rh2 Rb2 34. Kd3 Rxa2 $11 {Fritz15}) 23... Ne5 {the move Wh had overlooked}
24. Qc2 (24. Qb3 {is preferred by Fritz15} c4 25. dxc4 Rb8 26. Bb5 fxg3 27.
Qxg3 Rhf8 28. Rf1 Rxf1+ 29. Kxf1 Rf8+ 30. Ke2 {other moves lose} d3+ 31. Ke1
axb5 32. cxb5 Rf3 33. Qg1+ Kb7 {& another series of only moves for both sides}
34. Ba5 d2+ 35. Kxd2 Qd6+ 36. Kc2 Qd3+ 37. Kb2 Qxb5+ 38. Ka1 Qxa5 39. Qxg7+ Nf7
40. Qb2+ Qb6 $19 {Fritz15}) 24... c4 {looks powerful, but should only draw
according to Fritz15} (24... fxg3 $1 25. O-O (25. Bh3 Rhf8 26. Kd1 c4 27. dxc4
Qxh4 28. Rb1 g2 29. Bxg2 Qg4+ 30. Kc1 Qxg2 $19) 25... Nxd7 26. Bf4 Qxh4 27. Qg2
Rhf8 $19 {Fritz15; Bl will win with the extra pawns}) 25. Bh3 (25. Bxf4 $1 Rxd7
(25... Nxd3+ 26. Qxd3 $1 {Fritz15} cxd3 27. Rc7+ Kb6 28. Rc6+ Ka7 (28... Kb5
29. a4+ Kxa4 30. Rxa6+ Kb3 31. Rb6+ Qb4+ {other moves lose} 32. Rxb4+ Kxb4 33.
Bf5 $16) 29. Rc7+ $11) 26. dxc4 Re8 27. Rb1 $11 {Fritz15}) 25... Nxd3+ 26. Kf1
Qxe4 {again looks winning, both players thought so in pm analysis} (26... Nxc1
27. Bxc1 fxg3 28. Qxc4 Rhf8+ 29. Kg1 Rf6 $15 {Fritz15}) 27. Bg2 {the losing
move} (27. Kg1 $1 {and Fritz15 claims a draw in all variations} Qg6 (27... f3
28. Qxc4 Nxc1 29. Qxc1 Rhe8 30. Qc7+ Qb7 31. Qxb7+ Kxb7 32. Bg4 Ka7 33. Bxf3
Rb8 34. Kf2 Rb2 35. Rd1 Rxa2 $11) 28. Qxc4 Qxg3+ 29. Bg2 Qf2+ 30. Kh2 Qxh4+ 31.
Kg1 {Bl loses if perpetual not taken , because his K gets caught in the open})
27... f3 28. Rh2 fxg2+ 29. Rxg2 Qf3+ 30. Kg1 Nxc1 31. Qxc4 (31. Qxc1 c3) 31...
Nd3 32. Ba5 Rd7 33. Qe6 Rb7 0-1